000 00833nam a22002535i 4500
001 175860
003 ES-MaACL
005 20250514194922.0
008 101125s2001 sp |||| | spa d
020 _a84-8130-272-4
080 _a821.134.2-31"19"
100 1 _aChacel, Rosa,
_d1898-1994
_937750
245 1 0 _aBarrio de Maravillas /
_cRosa Chacel ; prólogo de Clara Janés.
250 _a1ª ed.
260 _a[Barcelona] :
_bBibliotex,
_c2001.
300 _a224 p. ;
_c22 cm.
490 1 _aLas 100 mejores novelas en castellano del siglo XX ;
_v27
490 1 _aBiblioteca El Mundo
700 1 _aJanés, Clara
_966012
830 0 _aLas 100 mejores novelas en castellano del siglo XX ;
_v27
_9223924
830 0 _aBiblioteca El Mundo
_9189189
852 _aES-MaACL
_jE-13682
999 _c175860
_d175860